000 00316nam a22001337a 4500
008 150522b xxu||||| |||| 00| 0 eng d
020 _a8120321219
082 _aGOO
100 _a GOODAIRE, EDGAR G.
245 _aDISCRETE MATHEMATICS WITH GRAPH THEORY
250 _a2ND Ed.
260 _aINDIA
_bPHI
_c2003
942 _cBK
999 _c23140
_d23140